Xbox One Games (Most Popular) - Statistics

General Stats
  • This quiz has been taken 1,558 times
  • The average score is 10 of 52
Answer Stats
Answer % Correct
Call of Duty: Advanced Warfare
75%
Call of Duty: Ghosts
75%
Halo: Spartan Assault
68%
Halo: The Master Chief Collection
68%
Grand Theft Auto 5
57%
Fifa 14
52%
Fifa 15
52%
Forza Horizon 2
50%
Forza Motorsport 5
50%
NBA 2K14
37%
NBA 2K15
37%
Madden NFL 15
36%
Madden NFL 25
36%
Battlefield 4
33%
Battlefield: Hardline
33%
Assassin's Creed: Black Flag
25%
Assassin's Creed: Unity
25%
NHL 14
19%
NHL 15
19%
Destiny
17%
Far Cry 4
14%
Need For Speed: Rivals
13%
Titanfall
13%
LEGO Marvel Super Heroes
12%
Mortal Kombat X
12%
Tomb Raider: Definitive Edition
11%
The Witcher 3: Wild Hunt
10%
Dead Rising 3
9%
Sunset Overdrive
9%
Ryse: Son of Rome
8%
Watchdogs
8%
Resident Evil
6%
Dying Light
5%
Dragon Age: Inquisition
4%
Middle Earth: Shadow of Mordor
4%
Plants Vs. Zombies: Garden Warfare
4%
Wolfenstein: The New Order
4%
Evolve
3%
Kinect Sports Rivals
3%
Ori and the Blind Forest
2%
Outlast
2%
Peggle 2
2%
The Evil Within
2%
Warframe
2%
Diablo III: Reaper of Souls
1%
Killer Instinct
1%
Max: The Curse of Brotherhood
1%
Neverwinter
1%
Project Spark
1%
Worms Battlegrounds
1%
Crimson Dragon
0%
Xbox Fitness
0%
No matching quizzes found
Score Distribution
Percent of People with Each Score
Percentile by Number Answered
Your Score History
You have not taken this quiz